[Event "Yerevan op"]
[Site "Yerevan"]
[Date "1996.??.??"]
[Round "5"]
[White "Yegiazarian, Arsen"]
[Black "Kacheishvili, Giorgi"]
[Result "0-1"]
[WhiteElo "2455"]
[BlackElo "2460"]

1.e4 c5 2.Nf3 e6 3.d4 cxd4 4.Nxd4 a6 5.Nc3 Qc7 6.g3 Bb4 7.Ne2 Nf6 8.Bg2 Be7
9.O-O O-O 10.b3 Nc6 11.Bb2 d6 12.a4 Rb8 13.Nd4 Rd8 14.Re1 Bf8 15.h3 e5 16.Nf3 b5
17.axb5 axb5 18.Nd5 Nxd5 19.exd5 Nb4 20.c3 Na6 21.b4 Qb6 22.Bc1 Ra8 23.Be3 Qb8
24.Qb3 Bb7 25.Nd2 Nc7 26.Ra5 Rxa5 27.bxa5 Qa8 28.Bb6 Rc8 29.Bxc7 Rxc7 30.Qxb5 Rc5
31.Qb4 Rxa5 32.c4 Ra4 33.Qb5 Ra2 34.Ne4 Ba6 35.Qc6 Qa7 36.c5 Bb7 37.Qe8 Bxd5
38.Nc3 Ra1 39.Rxa1 Qxa1+ 40.Kh2 Bxg2 41.Kxg2 dxc5 42.Qxe5 g6 43.h4 h6 44.Kh2 Kh7
45.Qe3 Bg7 46.Ne4 c4 47.h5 Qd4 48.hxg6+ fxg6 49.Qe2 c3 50.g4 Qa4 51.Nc5 Qf4+
52.Kg2 h5 53.Kf1 h4 54.Ne6 Qe5 55.Qc4 c2 56.Kg2 Qxe6 57.Qxe6 c1=Q 58.Qe7 Qc6+
59.Kh2 Qf6 60.Qa7 Qf3 61.g5 h3  0-1

[Event "Yerevan ol (Women)"]
[Site "Yerevan"]
[Date "1996.??.??"]
[Round "6"]
[White "De Pool, T."]
[Black "Ovezova, M."]
[Result "0-1"]
[WhiteElo "2035"]
[BlackElo "2145"]

1.e4 c5 2.Nf3 e6 3.d4 cxd4 4.Nxd4 a6 5.Nc3 Qc7 6.Be3 Nf6 7.Be2 Bb4 8.f3 d5
9.O-O e5 10.Nxd5 Nxd5 11.exd5 Bc5 12.Kh1 O-O 13.c4 exd4 14.Bxd4 Bxd4 15.Qxd4 Bf5
16.g4 Bg6 17.f4 f6 18.h4 Nd7 19.Bf3 Qc5 20.Qc3 Rac8 21.Rac1 Rfe8 22.f5 Bf7
23.g5 Re3 24.Qd2 Rxf3 25.Rxf3 Bxd5 26.Qe2 Ne5 27.cxd5 Qxc1+ 28.Rf1 Qc4 29.Qxc4 Rxc4
30.gxf6 Rxh4+ 31.Kg2 gxf6 32.Rc1 Rc4 33.Rd1 Kf7 34.d6 Ke8 35.Rh1 Rg4+ 36.Kh3 Rg5
37.Rc1 Nc6 38.Rc5 Kd7 39.Rd5 Ne5 40.Kh4 Rxf5  0-1

[Event "Yerevan op"]
[Site "Yerevan"]
[Date "1996.??.??"]
[Round "6"]
[White "Mnatsakanian, Eduard A"]
[Black "Akopian, Gagnik E"]
[Result "1-0"]
[WhiteElo "2390"]
[BlackElo "2300"]

1.e4 c5 2.Nf3 e6 3.d4 cxd4 4.Nxd4 a6 5.Nc3 Qc7 6.g3 Nc6 7.Bg2 Nge7 8.Nb3 Ng6
9.O-O Be7 10.Be3 Nge5 11.Qe2 b5 12.a4 b4 13.Nd5 exd5 14.exd5 O-O 15.dxc6 Nxc6
16.Bf4 Bd6 17.Bxd6 Qxd6 18.Rfd1 Qf6 19.Rab1 Ra7 20.Qe3 Qe5 21.Qxe5 Nxe5 22.Rd4 Rc7
23.Rc1 Nc4 24.Bf1 d5 25.Rxd5 Nxb2 26.Rc5 Ra7 27.Ra5 Rd8 28.Rb1 Nd1 29.Nc5 Rd4
30.Nd3 Nc3 31.Rxb4 Rxb4 32.Nxb4 Bd7 33.Rxa6 Rxa6 34.Bxa6 Bxa4 35.Kf1 Kf8
36.Ke1 Ke7 37.Kd2 Ne4+ 38.Ke3 Nc5 39.Bc4 f6 40.Kd4 Kd6 41.c3 Bd7 42.Nd3 Nb7
43.Bd5 Na5 44.Nc5 Nc6+ 45.Bxc6 Bxc6 46.c4 Bf3 47.Nd3 Bc6 48.Nf4 g5 49.Nd5 Ke6
50.Nb4 Bf3 51.c5 h5 52.Nc2 Bc6 53.Ne3 Bf3 54.Nc4 Bc6 55.Nd6 Ba4 56.f4 gxf4
57.gxf4 Bc6 58.h4 Ba4 59.f5+ Kd7 60.Ne4 Ke7 61.Kd5 Bd1 62.Nd6 Bf3+ 63.Kd4 Kd7
64.Ke3 Bd5 65.Ne4 Ke7 66.Ng3 Bf7 67.Ne2 Kd7 68.Nf4 Kc7 69.Kd4 Kc6 70.Nd3 Kb5
71.Nf2 Be8 72.Ne4 Bd7 73.Nxf6 Bxf5 74.Nxh5 Kc6 75.Nf6  1-0

[Event "Yerevan ol (Men)"]
[Site "Yerevan"]
[Date "1996.??.??"]
[Round "7"]
[White "Berlinsky, Vladimir"]
[Black "Strikovic, Aleksa"]
[Result "0-1"]
[WhiteElo "2255"]
[BlackElo "2550"]

1.e4 c5 2.Nf3 e6 3.d4 cxd4 4.Nxd4 a6 5.Nc3 Qc7 6.Be2 Nf6 7.O-O Nc6 8.Be3 b5
9.Nxc6 dxc6 10.f4 e5 11.fxe5 Qxe5 12.Kh1 Be6 13.Bf4 Qc5 14.e5 Nd5 15.a4 Nxf4
16.Rxf4 b4 17.Ne4 Qxe5 18.Qf1 Be7 19.Bxa6 Rxa6 20.Qxa6 Qxf4 21.Qa8+ Bd8 22.Qxc6+ Kf8
23.Nc5 Bc7 24.g3 Qd6 25.Nxe6+ fxe6 26.Qa8+ Ke7  0-1

[Event "Yerevan ol (Men)"]
[Site "Yerevan"]
[Date "1996.??.??"]
[Round "8"]
[White "Mas, Hafizulhelmi"]
[Black "Perdomo, Carlos Andres"]
[Result "1/2-1/2"]
[WhiteElo "2280"]
[BlackElo "2315"]

1.e4 c5 2.Nf3 e6 3.d4 cxd4 4.Nxd4 a6 5.Nc3 Qc7 6.Bd3 b5 7.O-O Bb7 8.Be3 Nf6
9.a3 d5 10.exd5 Nxd5 11.Nxd5 Bxd5 12.Qg4 Nd7 13.Rae1 Nf6 14.Qh3 Be7 15.c3 Rd8
16.Bg5 Rd7 17.Re3 Bc4 18.Rfe1 Bxd3 19.Rxd3 Rd5 20.Bxf6 gxf6 21.Rde3 Qd7 22.Qf3 O-O
23.Qe4 Rg5 24.Rg3 Rg6 25.Rd3 Qc8 26.b4 Re8 27.Nc6 f5 28.Nxe7+ Rxe7 29.Qh4 Qb7
30.g3 Re8 31.Rd8 Rxd8 32.Qxd8+ Kg7 33.Qd4+ Kg8 34.Re5 Rg4 35.f4 h5 36.Rc5 Kh7
37.Qe5 Qf3 38.Rc8 Rg7 39.Qd4 h4 40.Qd8 Qe3+ 41.Kf1 Qf3+ 42.Kg1 Qe3+ 43.Kf1 Qf3+
44.Kg1 Qe3+  1/2-1/2

[Event "Yerevan op"]
[Site "Yerevan"]
[Date "1996.??.??"]
[Round "10"]
[White "Matikozian, Andranik"]
[Black "Khurtsidze, Nino"]
[Result "0-1"]
[WhiteElo "2295"]
[BlackElo "2365"]

1.e4 c5 2.Nc3 e6 3.Nf3 a6 4.d4 cxd4 5.Nxd4 Qc7 6.g3 Bb4 7.Ne2 Nf6 8.Bg2 Be7
9.O-O Nc6 10.Nf4 O-O 11.g4 h6 12.Nd3 b5 13.a3 Bb7 14.f4 d5 15.e5 Qb6+ 16.Kh1 Ne4
17.Ne2 Na5 18.Ng1 Rac8 19.Nf3 Nc4 20.c3 a5 21.Qe1 b4 22.axb4 axb4 23.Nxb4 Bxb4
24.cxb4 d4 25.h3 Rfd8 26.Kh2 d3  0-1

[Event "Yerevan ol (Men)"]
[Site "Yerevan"]
[Date "1996.??.??"]
[Round "13"]
[White "Mitkov, Nikola"]
[Black "Dao Thien Hai"]
[Result "1-0"]
[WhiteElo "2470"]
[BlackElo "2535"]

1.e4 c5 2.Nf3 e6 3.Nc3 a6 4.d4 cxd4 5.Nxd4 d6 6.Be3 Nf6 7.f4 Be7 8.Qf3 Qc7
9.O-O-O Nc6 10.Rg1 Nxd4 11.Bxd4 b5 12.g4 b4 13.g5 Nd7 14.Ne2 e5 15.Be3 Bb7
16.Bh3 Rc8 17.Rd2 Qc4 18.b3 Bxe4 19.Qg4 Qc7 20.fxe5 d5 21.Ng3 Bg6 22.Nf5 Rd8
23.Nxe7 Nxe5 24.Qxb4 Qxe7 25.Qxe7+ Kxe7 26.Bc5+ Ke8 27.Re1 Be4 28.Bg2 f6
29.Bxe4 dxe4 30.Rxd8+ Kxd8 31.Rxe4 Kd7 32.gxf6 gxf6 33.Bd4 Ke6 34.Re2 Rd8
35.c3 Kf5 36.Rf2+ Ke6 37.Kc2 h5 38.a4 h4 39.b4 h3 40.Kb3 Rg8 41.Bxe5 fxe5
42.Rf3 e4 43.Rxh3 Kf5 44.b5 axb5 45.axb5 Kf4 46.Rh7 e3 47.Re7 Kf3 48.c4 e2
49.b6 Rg1 50.c5 e1=Q 51.Rxe1 Rxe1 52.Kb2 Re2+ 53.Kc3 Re3+ 54.Kc4 Ke4 55.b7 Re1
56.c6 Rc1+ 57.Kb3 Kd3 58.c7  1-0

[Event "Zaragoza op"]
[Site "Zaragoza"]
[Date "1996.??.??"]
[Round "2"]
[White "Korneev, Oleg"]
[Black "Strikovic, Aleksa"]
[Result "1/2-1/2"]
[WhiteElo "2590"]
[BlackElo "2520"]

1.e4 c5 2.Nf3 e6 3.d4 cxd4 4.Nxd4 a6 5.Nc3 Qc7 6.Bd3 Nf6 7.O-O Nc6 8.Be3 b5
9.Qe2 Ne5 10.f4 Nc4 11.e5  1/2-1/2

[Event "RUS-Cup4"]
[Site "Perm"]
[Date "1997.02.10"]
[Round "3"]
[White "Varavin, Viktor"]
[Black "Landa, Konstantin"]
[Result "1-0"]
[WhiteElo "2505"]
[BlackElo "2570"]

1.e4 c5 2.Nf3 e6 3.d4 cxd4 4.Nxd4 a6 5.Nc3 Qc7 6.Be2 Nf6 7.O-O Bb4 8.Re1 O-O
9.Bf1 d6 10.Nb3 b6 11.Bf4 e5 12.Bg5 Nbd7 13.Re3 Bb7 14.f3 h6 15.Bh4 Rfd8
16.a3 Bc5 17.Nxc5 dxc5 18.Bc4 g5 19.Bg3 b5 20.Bd5 Nf8 21.Rd3 Nxd5 22.exd5 Ng6
23.Qe2 c4 24.Rd2 Nf4 25.Bxf4 gxf4 26.Re1 Qb6+ 27.Kh1 f6 28.Qe4 Rd7 29.Qg6+ Rg7
30.Qxh6 Rh7 31.Qg6+ Rg7 32.Qf5 Bc8 33.Qe4 Qd6 34.Qe2 Bf5 35.Ne4 Bxe4 36.Qxe4 Raa7
37.Qf5 Rad7 38.Red1 Rde7 39.Qc8+ Kf7 40.Qf5 Re8 41.b3 Kg8 42.bxc4 bxc4 43.Qe4 Rc8
44.Qf5 Rb8 45.Qe4 c3 46.Rd3 Rc7 47.Rg1 Kf8 48.Qf5 Rb5 49.h3 a5 50.a4 Rxd5
51.Rb1 Rxd3 52.Rb8+ Kg7 53.Qg4+ Kh7 54.Qh5+ Kg7 55.cxd3 c2 56.Rh8 c1=Q+ 57.Kh2 f5
58.Qh7+ Kf6 59.Qh6+ Kf7 60.Qxd6  1-0

[Event "RUS-Cup4"]
[Site "Perm"]
[Date "1997.02.11"]
[Round "4"]
[White "Sergeeva, Maria"]
[Black "Dzuban, Oleg I"]
[Result "0-1"]
[WhiteElo "2165"]
[BlackElo "2425"]

1.e4 c5 2.Nf3 e6 3.d4 cxd4 4.Nxd4 a6 5.Nc3 Qc7 6.a3 Nf6 7.Bg5 Nc6 8.Be2 Qa5
9.Bxf6 gxf6 10.Qd2 h5 11.f4 Qc7 12.Nxc6 bxc6 13.O-O h4 14.h3 Bh6 15.Qd4 Qa7
16.Qxa7 Rxa7 17.Na4 Ke7 18.c4 d6 19.b4 e5 20.fxe5 Be3+ 21.Kh1 fxe5 22.c5 d5
23.exd5 cxd5 24.Nb6 Be6 25.Rad1 Rd8 26.Bg4 d4 27.Bxe6 Kxe6 28.Nc4 Bg5 29.Rfe1 f6
30.Nd6 Rxd6 31.cxd6 Kxd6 32.Re2 Rc7 33.a4 Rc3 34.Rb2 Kc6 35.b5+ axb5 36.axb5+ Kb6
37.Ra1 d3 38.Ra6+ Kb7 39.Rd6 Rc1+ 40.Kh2 Bf4+ 41.g3 Rc2+ 42.Rxc2 hxg3+  0-1

[Event "RUS-Cup4"]
[Site "Perm"]
[Date "1997.02.12"]
[Round "5"]
[White "Bezgodov, Alexei"]
[Black "Kozlov, Oleg"]
[Result "1-0"]
[WhiteElo "2570"]
[BlackElo "2380"]

1.e4 c5 2.Nf3 e6 3.d4 cxd4 4.Nxd4 a6 5.Nc3 Qc7 6.Bd3 Nf6 7.O-O Bc5 8.Nb3 Be7
9.f4 d6 10.Qf3 Nc6 11.Be3 O-O 12.g4 Nd7 13.g5 Re8 14.f5 Nde5 15.Qg3 Bf8 16.Rf4 Qd8
17.Raf1 Nxd3 18.cxd3 d5 19.g6 fxg6 20.fxg6 Bd6 21.Qh3 h6 22.Rf7 Re7 23.Bxh6 Ne5
24.Qh5 gxh6 25.Qxh6 Rxf7 26.Rxf7  1-0

[Event "AUT-chT2O 9798"]
[Site "Austria"]
[Date "1997.02.15"]
[Round "10"]
[White "Holzer, Gerhard"]
[Black "Braun, Walter"]
[Result "0-1"]
[WhiteElo "2245"]
[BlackElo "2220"]

1.e4 c5 2.Nf3 e6 3.Nc3 a6 4.d4 cxd4 5.Nxd4 b5 6.Bd3 Bc5 7.Nb3 Be7 8.O-O d6
9.Be3 Nc6 10.f4 Bf6 11.Qf3 Qc7 12.Bxb5 axb5 13.e5 Rb8 14.exf6 Nxf6 15.Qe2 b4
16.Nb5 Qe7 17.Rae1 O-O 18.N5d4 Bd7 19.Rf3 Rfe8 20.Qd3 e5 21.Bf2 Nxd4 22.Bxd4 Ng4
23.Rh3 g6 24.Qe2 Qf6 25.fxe5 dxe5 26.Ba7 Ra8 27.Rf1 Bf5 28.Bc5 Qa6 29.Qd2 Rad8
30.Qg5 f6 31.Qh4 g5 32.Qh5 Qc4 33.Rhf3 Bg6 34.Qh3 Rd5 35.Bb6 h5 36.Qg3 Re6
37.Ba7 e4 38.Re3 Nxe3 39.Bxe3 Kg7 40.h4 g4 41.Qf4 Kf7 42.Qb8 Red6 43.Bh6 Rd8
44.Rxf6+ Kxf6 45.Bg5+ Kf7 46.Bxd8 g3 47.Qf4+ Bf5  0-1

[Event "Clarin GP-f"]
[Site "Villa Gesell"]
[Date "1997.03.02"]
[Round "1"]
[White "Valerga, Diego"]
[Black "Spangenberg, Hugo"]
[Result "1/2-1/2"]
[WhiteElo "2445"]
[BlackElo "2550"]

1.e4 c5 2.Nf3 e6 3.d4 cxd4 4.Nxd4 a6 5.Nc3 Qc7 6.g3 Nf6 7.Bg2 d6 8.O-O Be7
9.f4 O-O 10.Be3 Nc6 11.Kh1 Bd7 12.a4 b6 13.Qe2 Nxd4 14.Bxd4 Bc6 15.Rad1 Rfc8  1/2-1/2

[Event "Clarin GP-f"]
[Site "Villa Gesell"]
[Date "1997.03.03"]
[Round "2"]
[White "Zarnicki, Pablo"]
[Black "Spangenberg, Hugo"]
[Result "1/2-1/2"]
[WhiteElo "2560"]
[BlackElo "2550"]

1.e4 c5 2.Nf3 e6 3.d4 cxd4 4.Nxd4 a6 5.Nc3 Qc7 6.Bd3 Nf6 7.O-O d6 8.f4 Nbd7
9.a4 g6 10.Kh1 Bg7 11.f5 gxf5 12.Bg5 h6 13.Bh4 O-O 14.Qd2 Qb6 15.Nde2 fxe4
16.Bxe4 d5 17.Bd3 Ng4 18.h3 Nge5 19.a5 Qd6 20.Nf4 f5 21.Nh5 d4 22.Ne2 Nxd3
23.cxd3 e5 24.Nxg7 Kxg7 25.Rac1 f4 26.Qc2 Nf6 27.Qc7+ Qxc7 28.Rxc7+ Nd7 29.Ng1 Kf7
30.Nf3 Ke6 31.Re1 Kd6 32.Rec1 Ke6 33.Re1 Kd6 34.Rec1 Ke6  1/2-1/2

[Event "RUS-Cup6"]
[Site "Krasnodar"]
[Date "1997.03.17"]
[Round "7"]
[White "Bigaliev, Renat"]
[Black "Kobalija, Mihail"]
[Result "1/2-1/2"]
[WhiteElo "2480"]
[BlackElo "2545"]

1.e4 c5 2.Nf3 e6 3.Nc3 a6 4.d4 cxd4 5.Nxd4 Qc7 6.g3 Nf6 7.Bg2 Be7 8.O-O O-O
9.f4 d6 10.g4 Nc6 11.Nxc6 bxc6 12.g5 Nd7 13.f5 Re8 14.f6 Bf8 15.Be3 Ne5 16.Na4 c5
17.b3 Bd7 18.Nb2 Bc6 19.Nd3 Nxd3 20.Qxd3 d5 21.exd5 Bxd5 22.Be4 Bxe4 23.Qxe4 c4
24.bxc4 Rac8 25.fxg7 Bc5 26.Rae1 Red8 27.Rf4 Qa5 28.Bxc5 Rxc5 29.Ref1 Rxg5+
30.Kh1 Rxg7 31.Rg4 Rg6 32.Qf3 Qc7 33.Rf4 Rd2 34.Qa8+ Kg7 35.Rxf7+ Qxf7 36.Rxf7+ Kxf7
37.Qb7+ Ke8 38.Qc6+ Ke7 39.Qc7+ Rd7 40.Qc5+ Kf7 41.Qf2+ Ke8 42.Qe2 Rd4 43.c5 Kd7
44.h3 Rg5 45.c6+ Kd6 46.Qxa6 Rd1+ 47.Kh2 Rd2+ 48.Kh1 Rd1+ 49.Kh2 Rd2+  1/2-1/2

[Event "RUS-Cup6"]
[Site "Krasnodar"]
[Date "1997.03.19"]
[Round "9"]
[White "Bigaliev, Renat"]
[Black "Averkin, Orest N"]
[Result "1/2-1/2"]
[WhiteElo "2480"]
[BlackElo "2425"]

1.e4 c5 2.Nf3 e6 3.Nc3 a6 4.d4 cxd4 5.Nxd4 Qc7 6.g3 Nf6 7.Bg2 Be7 8.O-O d6
9.a4 Nc6 10.Be3 O-O 11.Qe2 Nxd4 12.Bxd4 e5 13.Be3 Be6 14.Rfc1 Rac8 15.a5 Qc4
16.Qd2 Qb4 17.Nd5 Nxd5 18.exd5 Qxd2 19.Bxd2 Bf5 20.c4 Bd3 21.Bf1 Bxf1 22.Kxf1 f5
23.h4 Rfd8 24.Be3 Kf7 25.Rc2 Rd7 26.Bb6 Bd8 27.Rd1 Bxb6 28.axb6 Rcd8 29.Ke2 Kf6
30.f3 h5  1/2-1/2

[Event "Najdorf"]
[Site "Buenos Aires"]
[Date "1997.05.27"]
[Round "8"]
[White "Sutovskij, Emil"]
[Black "Spangenberg, Hugo"]
[Result "1/2-1/2"]
[WhiteElo "2560"]
[BlackElo "2550"]

1.e4 c5 2.Nf3 e6 3.d4 cxd4 4.Nxd4 a6 5.Nc3 Qc7 6.g3 Nf6 7.Bg2 d6 8.O-O Be7
9.f4 O-O 10.g4 Nc6 11.Nxc6 bxc6 12.g5 Nd7 13.f5 Re8 14.Kh1 Bf8 15.Bf4 g6
16.fxg6 hxg6 17.h4 e5 18.Be3 Bg7 19.h5 Nf8 20.h6 Bh8 21.Qd2 Be6 22.Rad1 Rad8
23.Na4 Qe7 24.Nb6 Bg4 25.Bf3 Qe6 26.Qe2 Bxf3+ 27.Qxf3 d5 28.exd5 cxd5 29.Nxd5 Rxd5
30.Rxd5 e4 31.Qxf7+ Qxf7 32.Rxf7 Kxf7 33.b4 Bc3 34.a3 Ne6 35.Rd6 Nxg5 36.Bxg5 e3
37.Bxe3 Rxe3 38.Rxa6 g5 39.b5 g4 40.h7 Rh3+ 41.Kg2 Be5 42.Ra4 Rh2+ 43.Kg1 g3
44.b6 Ke6 45.Rb4 Rxh7 46.a4 Rd7 47.a5 Rd1+ 48.Kg2 Rd2+ 49.Kg1 Bd6 50.Rb5 Rd1+
51.Kg2 Rd2+ 52.Kg1 Rd1+  1/2-1/2

[Event "Sigeman & Co"]
[Site "Malmo"]
[Date "1997.06.14"]
[Round "5"]
[White "Smyslov, Vassily"]
[Black "Sokolov, Ivan"]
[Result "1/2-1/2"]
[WhiteElo "2500"]
[BlackElo "2615"]

1.e4 c5 2.Nf3 e6 3.Nc3 a6 4.d4 cxd4 5.Nxd4 d6 6.Bd3 g6 7.Be3 Nf6 8.Qd2 Nbd7
9.O-O Ng4 10.Bg5 Qb6 11.Be2 h6 12.Bxg4 hxg5 13.Bxe6 fxe6 14.Nxe6 Rb8 15.Nd5 Qxb2
16.Qxg5 Kf7 17.Nxf8 Rxf8 18.Qe7+ Kg8 19.Qxd6 Kg7 20.c3 Qb5 21.Nc7 Qe5 22.Ne6+ Kg8
23.Qxe5 Nxe5 24.Nxf8 Kxf8 25.f4 Nc4 26.f5 Kg7 27.g4 Bd7 28.Rad1 Bc6 29.Rd4 Ne5
30.h3 Re8 31.Kf2 Nf7 32.h4 g5 33.h5 Re5 34.Re1 Ra5 35.Re2 Ne5 36.Kg3 Ra3
37.Re3 Rxa2 38.Rd6 Ra5 39.Re6 Rc5 40.Re7+ Kf6 41.Rc7 Nf7 42.Rc8 Kg7  1/2-1/2

[Event "Sigeman & Co"]
[Site "Malmo"]
[Date "1997.06.14"]
[Round "5"]
[White "Hellers, Ferdinand"]
[Black "Hellsten, Johan"]
[Result "1/2-1/2"]
[WhiteElo "2585"]
[BlackElo "2485"]

1.e4 c5 2.Nf3 e6 3.d4 cxd4 4.Nxd4 a6 5.Nc3 Qc7 6.g3 Nf6 7.Bg2 Be7 8.O-O O-O
9.f4 Nc6 10.Nxc6 bxc6 11.e5 Nd5 12.Ne4 f5 13.exf6 Nxf6 14.Be3 Rb8 15.b3 c5
16.c4 Bb7 17.Nxf6+ Bxf6 18.Rc1 Bxg2 19.Kxg2 a5 20.Qf3 a4 21.Bf2  1/2-1/2

[Event "Yopal"]
[Site "Yopal"]
[Date "1997.06.29"]
[Round "9"]
[White "Garcia, Gildardo"]
[Black "Zapata, Alonso"]
[Result "1/2-1/2"]
[WhiteElo "2485"]
[BlackElo "2515"]

1.e4 c5 2.Nf3 e6 3.Nc3 a6 4.d4 cxd4 5.Nxd4 Qc7 6.Be2 b5 7.O-O Bb7 8.Bf3 Nc6
9.Nxc6 dxc6 10.a4 Nf6 11.Re1 e5 12.Qe2 Be7 13.g3 O-O 14.Bg2 Rad8 15.Be3 Bb4
16.f3 Qe7 17.Qf2 Bc8 18.Reb1 Be6 19.axb5 axb5 20.Ra6 Qb7 21.Ra7 Qb8 22.Rba1 Rd7
23.R7a6 Rfd8 24.Bb6 Bxc3 25.Bxd8 Bd4 26.Bxf6 gxf6 27.Ra8 Qxa8 28.Rxa8+ Kg7
29.Qxd4 Rxd4 30.Ra1 Rd2 31.Rc1 f5 32.f4 exf4 33.exf5 Bd5 34.Bxd5 Rxd5 35.c4 Rd2
36.cxb5 cxb5 37.b3 fxg3 38.hxg3 Rd3 39.Kg2 Rxb3 40.Rc6 Re3 41.Rb6 Re5 42.g4 Rc5
43.Kg3 h5 44.gxh5 Rxf5 45.h6+ Kg8 46.Kg4 Rc5 47.Kf4 Rd5 48.Kg4 Kh7 49.Kf4 Rh5
50.Kg4 Rxh6 51.Rxb5  1/2-1/2

[Event "Politiken Cup"]
[Site "Copenhagen"]
[Date "1997.07.05"]
[Round "1"]
[White "Mortensen, Henrik"]
[Black "Mortensen, Erling"]
[Result "0-1"]
[WhiteElo "2080"]
[BlackElo "2455"]

1.e4 c5 2.Nf3 e6 3.d4 cxd4 4.Nxd4 a6 5.Nc3 Qc7 6.g3 Nc6 7.Bg2 d6 8.O-O Be7
9.Be3 Nf6 10.h3 O-O 11.f4 Nxd4 12.Bxd4 Nd7 13.Kh2 Re8 14.Qe2 b5 15.a3 Bb7
16.f5 Bf6 17.Rad1 Bxd4 18.Rxd4 exf5 19.Rxf5 Ne5 20.Nd5 Bxd5 21.Rxd5 Rab8
22.c3 Rb6 23.Rf1 Reb8 24.Rfd1 a5 25.Bf1 g6 26.R1d4 b4 27.axb4 axb4 28.c4 Ra8
29.b3 Rba6 30.Bg2 Ra2 31.Qd1 Ra1 32.Qe2 R8a6 33.Rd1 Qa7 34.Rxa1 Rxa1 35.Rd1 Ra6
36.Rd2 Kf8 37.Rd1 Ke7 38.Kh1 Ra2 39.Rd2 Ra1+ 40.Rd1 Qd4 41.Rxa1 Qxa1+ 42.Kh2 Qc3
43.Qd1 Qd3 44.Qc1 Qxb3 45.c5 Qc3 46.cxd6+ Kxd6 47.Qg5 b3 48.Qd8+ Kc5 49.Qd5+ Kb4  0-1

[Event "Politiken Cup"]
[Site "Copenhagen"]
[Date "1997.07.09"]
[Round "5"]
[White "Mortensen, Erling"]
[Black "Bezold, Michael"]
[Result "1-0"]
[WhiteElo "2455"]
[BlackElo "2490"]

1.e4 c5 2.Nf3 e6 3.d4 cxd4 4.Nxd4 a6 5.Nc3 b5 6.Bd3 Bb7 7.O-O d6 8.Qe2 Nf6
9.a4 bxa4 10.Nxa4 Be7 11.b4 O-O 12.Nb3 Nc6 13.Bd2 Qc7 14.f4 Rfe8 15.c4 d5
16.cxd5 exd5 17.e5 Ne4 18.Rac1 Nxd2 19.Qxd2 Rac8 20.Nbc5 Bxc5+ 21.Rxc5 Qe7
22.Rfc1 Nb8 23.Qe3 Rc6 24.Rxc6 Nxc6 25.b5 axb5 26.Bxb5 Rc8 27.Nb6 Rd8 28.Bxc6 Bxc6
29.Rxc6 d4 30.Qc1 d3 31.Nc4 h6 32.Nd2 Qa7+ 33.Qc5 Qa1+ 34.Kf2 Rd4 35.Rd6 Rxf4+
36.Nf3 Qa2+ 37.Kg3 g5 38.Rxd3 Rg4+ 39.Kxg4 Qxg2+ 40.Kf5 g4  1-0

[Event "Politiken Cup"]
[Site "Copenhagen"]
[Date "1997.07.12"]
[Round "7"]
[White "Borge, Nikolaj"]
[Black "Bezold, Michael"]
[Result "1-0"]
[WhiteElo "2360"]
[BlackElo "2490"]

1.e4 c5 2.Nc3 e6 3.Nf3 a6 4.d4 cxd4 5.Nxd4 Qc7 6.Bd3 Nc6 7.Be3 Nf6 8.O-O Bd6
9.f4 Nxd4 10.e5 Nc6 11.exd6 Qxd6 12.Na4 Qe7 13.c4 d6 14.Qd2 O-O 15.Rad1 Rb8
16.Bb6 e5 17.Nc3 exf4 18.Rxf4 Be6 19.Be2 Ne8 20.Ne4 Bf5 21.Rxf5 Qxe4 22.Bd3 Qe6
23.Rd5 Ne5 24.Bf1 Rc8 25.b3 Rc6 26.Ba5 Qg6 27.Qf4 Qg4 28.Qxg4 Nxg4 29.R5d3 f5
30.Bb4 Rf6 31.g3 Ne5 32.Re3 Kf7 33.Bg2 Rc7 34.Bxd6 Rxd6 35.Rxd6 Nxd6 36.Rxe5 Kf6
37.Re2 b5 38.Bd5 bxc4 39.Re6+ Kg5 40.Rxd6 c3 41.h4+ Kg4 42.Kg2 f4 43.Be6+ Kh5
44.Rd5+ g5 45.g4+ Kh6 46.hxg5+ Kg7 47.Rd1 Kg6 48.Rc1 Re7 49.Bc4 Re3 50.Bxa6 Kxg5
51.Kf2 Rh3 52.Bf1 Rg3 53.Be2 Rh3 54.Bf3 Rh2+ 55.Bg2 Kxg4 56.Rxc3  1-0

[Event "Wch U20"]
[Site "Zagan"]
[Date "1997.07.15"]
[Round "2"]
[White "Krakops, Maris"]
[Black "Kunte, Abhijit"]
[Result "1-0"]
[WhiteElo "2530"]
[BlackElo "2430"]

1.e4 c5 2.Nf3 e6 3.Nc3 a6 4.d4 cxd4 5.Nxd4 Qc7 6.Bd3 b5 7.O-O Bb7 8.Re1 Bd6
9.Nf3 b4 10.Na4 Nc6 11.Be3 Ne5 12.Nxe5 Bxe5 13.Qh5 Nf6 14.Qh4 Qc6 15.Qg5 d6
16.f4 h6 17.Qg3 Nh5 18.Qg4 Nxf4 19.Bxf4 Bxf4 20.Qxf4 Qxa4 21.Qxd6 Qa5 22.a3 b3
23.cxb3 Rd8 24.Qg3 O-O 25.b4 Qb6+ 26.Qe3 Rd4 27.Rad1 Rfd8 28.Bc2 a5 29.Rxd4 Rxd4
30.b5 e5 31.a4 Qc5 32.Re2 Qb4 33.Qc3 Qd6 34.h3 Rb4 35.Kh2 Kh7 36.Rf2 Qe7
37.Re2 Qd6 38.Rd2 Qe7 39.b3 Bxe4 40.Bxe4+ Rxe4 41.Qxa5 Qg5 42.Qd8 Qf4+ 43.g3 Qf1
44.Qd3 Qe1 45.Kg2 f5 46.b6 Kg6 47.Rf2 Qb4 48.Qd7 f4 49.Qe6+ Kh7 50.Qf5+ Kg8
51.Rc2  1-0

[Event "Wch U20"]
[Site "Zagan"]
[Date "1997.07.15"]
[Round "2"]
[White "Blehm, Pawel"]
[Black "Rowson, Jonathan"]
[Result "1/2-1/2"]
[WhiteElo "2400"]
[BlackElo "2490"]

1.e4 c5 2.Nf3 e6 3.d4 cxd4 4.Nxd4 a6 5.Nc3 Qc7 6.Bd3 Nf6 7.O-O Bc5 8.Nb3 Be7
9.f4 d6 10.Be3 b6 11.Qf3 Nbd7 12.Rae1 Bb7 13.Qh3 g6 14.Bd2 O-O-O 15.Qf3 Nc5
16.Qe2 d5 17.Nxc5 Bxc5+ 18.Kh1 dxe4 19.Bxa6 h5 20.Bxb7+ Qxb7 21.Na4 Be7 22.Be3 Rd6
23.c4 h4 24.c5 Rd3 25.Nxb6+ Kc7 26.b4 h3 27.f5 hxg2+ 28.Qxg2 exf5 29.Bf4+ Kd8
30.Rd1 Rxd1 31.Rxd1+ Ke8 32.Be5 Rh4 33.Bxf6 Bxf6 34.Qd2 e3+ 35.Qd5 Qxd5+
36.Nxd5 Be5 37.Nxe3 Rxb4 38.Nd5 Rb2 39.Re1 f6 40.Nxf6+  1/2-1/2

[Event "Politiken Cup"]
[Site "Copenhagen"]
[Date "1997.07.16"]
[Round "11"]
[White "Bromman, Thorbjorn"]
[Black "Salov, Sergei"]
[Result "1-0"]
[WhiteElo "2235"]
[BlackElo "2275"]

1.e4 c5 2.Nf3 e6 3.Nc3 a6 4.d4 cxd4 5.Nxd4 Qc7 6.Bd3 Nc6 7.Nxc6 dxc6 8.O-O e5
9.f4 Nf6 10.Kh1 Bd6 11.f5 Bc5 12.Bg5 h5 13.Na4 Ba7 14.c4 b5 15.Nc3 b4 16.Na4 Bd4
17.Bxf6 gxf6 18.c5 Bb7 19.a3 a5 20.Nb6 Rd8 21.axb4 axb4 22.Qc2 b3 23.Qc4 h4
24.Ra7 Qb8 25.Ra3 Bxc5 26.Qxc5 Rxd3 27.Nd5 cxd5 28.Qb5+ Kf8 29.Qxd3 dxe4
30.Qe3 Bc8 31.Rxb3 Qd6 32.Qxe4 Rh5 33.Qa8  1-0

[Event "Wch U20"]
[Site "Zagan"]
[Date "1997.07.23"]
[Round "9"]
[White "Putka, Verner"]
[Black "Mirumian, Vigen"]
[Result "0-1"]
[WhiteElo "2220"]
[BlackElo "2490"]

1.e4 c5 2.Nf3 e6 3.d4 cxd4 4.Nxd4 a6 5.Nc3 d6 6.Be3 Nf6 7.f3 b5 8.Qd2 Bb7
9.O-O-O Nbd7 10.g4 Nb6 11.g5 Nfd7 12.a3 Rc8 13.Kb1 Ne5 14.Qe1 Nec4 15.Bc1 Qc7
16.Bxc4 Nxc4 17.Rd3 g6 18.Qg3 Bg7 19.Ndxb5 axb5 20.Nxb5 Qc5 21.Nxd6+ Nxd6
22.Qxd6 Qxc2+ 23.Ka1 Qc6 24.Bf4 Qxd6 25.Bxd6 h6 26.Rb3 Ba8 27.Rg1 hxg5 28.Rxg5 Rh5
29.Rxh5 gxh5 30.Rb5 f5 31.Be5 Bxe5 32.Rxe5 fxe4 33.fxe4 Ke7 34.Rxh5 Bxe4
35.b4 Kd6 36.Kb2 e5 37.b5 Bd5 38.a4 e4 39.Rh3 Ke5 40.Rc3 Ra8 41.Ra3 Kd4 42.Kc2 e3
43.a5 Rc8+ 44.Kb2 e2  0-1

[Event "Wch U20"]
[Site "Zagan"]
[Date "1997.07.24"]
[Round "10"]
[White "Stojanovic, Mihajlo"]
[Black "Kunte, Abhijit"]
[Result "1/2-1/2"]
[WhiteElo "2470"]
[BlackElo "2430"]

1.e4 c5 2.Nf3 e6 3.d4 cxd4 4.Nxd4 a6 5.Nc3 Qc7 6.g3 Nc6 7.Bg2 Nf6 8.O-O Bc5
9.Bf4 e5 10.Nb3 exf4 11.Nxc5 fxg3 12.hxg3 d6 13.Nd3 h5 14.Re1 Kf8 15.Nd5 Nxd5
16.exd5 Ne7 17.c4 Bf5 18.c5 h4 19.c6 hxg3 20.fxg3 bxc6 21.dxc6 d5 22.Nf4 Qb6+
23.Kf1 Qxc6 24.Qe2 Qf6 25.Qe5 Rh6 26.Qxf6 gxf6 27.Rac1 Be4  1/2-1/2

[Event "Wch U20"]
[Site "Zagan"]
[Date "1997.07.26"]
[Round "12"]
[White "Stojanovic, Mihajlo"]
[Black "Kacheishvili, Giorgi"]
[Result "1-0"]
[WhiteElo "2470"]
[BlackElo "2550"]

1.e4 c5 2.Nf3 e6 3.d4 cxd4 4.Nxd4 a6 5.Nc3 Ne7 6.Be2 Nbc6 7.O-O Nxd4 8.Qxd4 Nc6
9.Qd3 Be7 10.Bf4 O-O 11.Rfd1 b5 12.Bd6 Ra7 13.Qe3 f6 14.a4 b4 15.Na2 Bxd6
16.Rxd6 Ra8 17.Qc5 Rb8 18.Bc4 Qb6 19.Qxb6 Rxb6 20.a5 Rb8 21.Bxe6+ dxe6 22.Rxc6 Rd8
23.f3 Rb5 24.Rc1 e5 25.Kf2 Bb7 26.Rc7 Bc8 27.b3 Be6 28.Ke1 Rdb8 29.Rd1 h5
30.Rd6 Rxa5 31.Nxb4 Ra1+ 32.Ke2 Bxb3 33.Nc6 Bc4+ 34.Kf2 Re8 35.Ne7+ Kh8 36.Nf5 Rf1+
37.Ke3 Re1+ 38.Kd2 Re2+ 39.Kd1 Bb5 40.Rxg7 Rg8 41.Rxg8+ Kxg8 42.Rd8+ Kf7
43.c4 Bxc4 44.Nd6+ Ke7 45.Nxc4 Rxg2 46.Rd2 Rg1+ 47.Ke2 h4 48.Kf2 Rh1 49.Kg2  1-0

[Event "RUS-Cup10"]
[Site "Tomsk"]
[Date "1997.07.31"]
[Round "9"]
[White "Yurtaev, Leonid"]
[Black "Peregudov, Nickolai"]
[Result "1/2-1/2"]
[WhiteElo "2520"]
[BlackElo "2415"]

1.e4 c5 2.Nf3 e6 3.d4 cxd4 4.Nxd4 a6 5.Nc3 Qc7 6.a3 Nf6 7.f4 d6 8.g4 h6 9.Bg2 Nc6
10.h3 Be7 11.O-O Nd7 12.Be3 Na5 13.Nf5 exf5 14.Nd5 Qd8 15.exf5 O-O 16.Nxe7+ Qxe7
17.Re1 Qd8 18.Bf2 Nf6 19.Qd3 Nc6 20.Rad1 d5 21.c4 dxc4 22.Qxc4 Qa5 23.Bc5 Rd8
24.g5 Bxf5 25.gxf6 Be6 26.Qc2 Rxd1 27.Rxd1 g6 28.b4 Qc7 29.Rd6 Bf5 30.Qd2 Re8
31.a4 Qc8 32.Bb6 Nxb4 33.Qxb4 Bxh3 34.Rd2 Bxg2 35.Rxg2 Qe6 36.a5 Qxf6 37.Qd2 Kh7
38.Bd4 Qf5 39.Be5 Rc8 40.Bb2 Qb1+ 41.Kh2 Qf5 42.Qd4 Rg8 43.Qe5 Qd7 44.Rc2 g5
45.Qe4+ f5 46.Qe5 Kg6 47.Rg2 Kh5 48.Qe3 g4 49.Kg3 Re8 50.Be5 Re6 51.Rh2+ Kg6
52.Rd2 Qe7 53.Rb2 h5 54.Qb3 h4+ 55.Kh2 h3 56.Qd5 Kh5 57.Rxb7 g3+ 58.Kg1 h2+
59.Kh1 Qa3 60.Rh7+ Kg4 61.Rg7+ Kh3 62.Qd1 Rh6 63.Bf6 Qa2 64.Qf1+ g2+ 65.Rxg2 Qd5
66.Bd4 Qe4 67.Qe2  1/2-1/2